000 00844nam a2200253Ia 4500
003 OSt
005 20221005111647.0
006 a|||||r|||| 00| 0
007 ta
008 221004b |||||||| |||| 00| 0 hin d
024 _a31632
037 _cTextual
040 _aCRL
_cCRL
_bhin
041 _2hin
_ahin
082 _aDelta2xM72x, 152K9.5
100 _aअरविंद
245 0 _aमानव एकता का आदर्श
246 _aMānav ekatā kā ādarsha
260 _aपांडिचेरी
_bअरविंद सोसायटी भारत
_c1969
300 _a439पृ0
_ccm.
650 _aआध्यात्मिक अनुभव और रहस्यवाद
942 _hDelta2xM72x, 152K9.5
_cTEXL
_2cc
999 _c1022483
_d1022483